MARC

LEADER 00000nam0a2200000 4500
001 62422
005 20231031063438.0
035 |a (RuTPU)RU\TPU\book\66205 
090 |a 62422 
100 |a 20040412d1966 m y0rusy50 ca 
101 0 |a rus 
102 |a RU 
105 |a a j 001zy 
200 1 |a Газовое топливо и его сжигание  |e учебное пособие  |f В. П. Михеев 
210 |a Ленинград  |c Недра  |d 1966 
215 |a 328 с.  |c ил. 
320 |a Библиогр.: с. 326-327 
610 1 |a газовое топливо 
610 1 |a продукты сгорания 
610 1 |a углеводородные газы 
610 1 |a газовое топливо 
610 1 |a сжигание 
610 1 |a газовые горелки 
610 1 |a расчеты 
610 1 |a инжекционные горелки 
610 1 |a работа 
610 1 |a промышленные установки 
610 1 |a учебные пособия 
675 |a 662.6(075.8)  |v 3 
675 |a 662.95(075.8)  |v 3 
700 1 |a Михеев  |b В. П.  |g Викентий Павлович 
801 1 |a RU  |b 63413507  |c 20040412  |g PSBO 
801 2 |a RU  |b 63413507  |c 20180521  |g PSBO 
942 |c BK